Palestínčania sú svedomím Izraela Souheil Ghannam, palestínsky publicista

Bibliographic Details
Main Authors: Blažeková, Eva (Author, Interviewer), Ghannam, Souheil, 1964- (Author)
Format: Article
Language:Slovak
PhysicalDescription:Fotogr.
ISSN:1335-468X
Subjects:

MARC

LEADER 00000nab a2200000 ar4500
001 vtls009463008
003 SK-MaSNL
005 20260304055356.0
008 090120c2008 xo wr|p|||||||000 b|slo
015 |a SNBRB2009/01  |2 snkbucl 
040 |a SNKBUCL  |b slo  |c SNKBUCL  |e AACR2 
041 0 |a slo 
044 |a xo  |c SK 
080 |a 342.7(=411.21)  |x (569.4)  |2 2001 
080 |a 323.28-051  |2 2001 
080 |a 343.81  |x (569.4)  |2 2001 
080 |a 323.281  |x (569.4)  |2 2001 
100 1 |a Blažeková, Eva  |4 ivr  |4 aut  |9 809921 
245 1 0 |a Palestínčania sú svedomím Izraela  |b Souheil Ghannam, palestínsky publicista  |c zhovárala sa Eva Blažeková 
300 |b Fotogr. 
650 0 7 |a ľudské práva  |2 snkbucl  |9 798 
650 0 7 |a politickí väzni  |2 snkbucl  |9 4581 
650 0 7 |a väznice  |2 snkbucl  |9 2643 
650 0 7 |a Palestínčania  |2 snkbucl  |9 847012 
651 7 |a Izrael  |2 snkbucl  |9 16888 
655 7 |a rozhovory  |2 snkbucl  |9 31831 
700 1 |a Ghannam, Souheil,  |d 1964-  |4 ive  |4 aut  |9 105733 
773 0 |t Slovo : spoločensko-politický týždenník  |g Roč. X, č. 51 (2008), s. 6-7  |x 1335-468X 
852 |a SNK  |b KIS3GCP 
958 |a IL 
999 |c 2723948  |d 2725878